000 01758cam a22003614a 4500
001 14336555
003 OSt
005 20180117085949.0
008 060411s2007 maua b 011 0 eng
010 _a 2006046195
020 _a0073526142 (alk. paper)
020 _a9780073526140
035 _a(OCoLC)ocm67346434
040 _aDLC
_cDLC
_dBAKER
_dC#P
_dDLC
042 _apcc
050 0 0 _aPN4781
_b.H343 2007
082 0 0 _a070.4/3
_222
100 1 _aHarrower, Tim.
245 1 0 _aInside reporting :
_ba practical guide to the craft of journalism /
_cTim Harrower.
260 _aBoston :
_bMcGraw-Hill,
_cc2007.
300 _a325 p. :
_bill. (chiefly col.) ;
_c28 cm.
504 _aIncludes bibliographical references (p. 310-311) and index.
650 0 _aReporters and reporting.
856 4 1 _3Table of contents
_uhttp://www.loc.gov/catdir/enhancements/fy0634/2006046195-t.html
856 4 2 _3Publisher description
_uhttp://www.loc.gov/catdir/enhancements/fy0642/2006046195-d.html
856 4 2 _3Contributor biographical information
_uhttp://www.loc.gov/catdir/enhancements/fy0737/2006046195-b.html
906 _a7
_bcbc
_corignew
_d1
_eocip
_f20
_gy-gencatlg
942 _2ddc
_cBK
999 _c2785
_d2785